Central Library OPAC University of Rajshahi

The true story of Ah Q / (Record no. 24714)

MARC details
000 -LEADER
fixed length control field 00738cam a22002651 4500
001 - CONTROL NUMBER
control field 24714
003 - CONTROL NUMBER IDENTIFIER
rucl marc code BD-RjUL
005 - DATE AND TIME OF LATEST TRANSACTION
control field 20211209001105.0
008 - FIXED-LENGTH DATA ELEMENTS--GENERAL INFORMATION
fixed length control field 140315s1953 cc 000 0 eng d
035 ## - SYSTEM CONTROL NUMBER
System control number (BD-RjUL) 24783
System control number (OCoLC)603642
040 ## - CATALOGING SOURCE
Original cataloging agency DLC
Transcribing agency OCU
Modifying agency OCoLC
-- BD-RjUL
Language of cataloging eng
041 ## - LANGUAGE CODE
Language code of text/sound track or separate title eng
082 ## - DEWEY DECIMAL CLASSIFICATION NUMBER
Classification number 895.13
Author mark and year HST 1953
100 1# - MAIN ENTRY--PERSONAL NAME
Personal name Hsun, Lu
Dates associated with a name 1881-1936.
9 (RLIN) 76071
245 14 - TITLE STATEMENT
Title The true story of Ah Q /
Statement of responsibility, etc. Lu Hsun
250 ## - EDITION STATEMENT
Edition statement 1st ed.]
260 ## - PUBLICATION, DISTRIBUTION, ETC. (IMPRINT)
Place of publication, distribution, etc. Peking :
Name of publisher, distributor, etc. Foreign Language Press,
Date of publication, distribution, etc. 1953.
300 ## - PHYSICAL DESCRIPTION
Pagination 111 p. :
Illustrations port. ;
Size 20 cm.
650 ## - SUBJECT ADDED ENTRY--TOPICAL TERM
Topical term or geographic name as entry element Chinese fiction 20th century
9 (RLIN) 76072
942 ## - ADDED ENTRY ELEMENTS (KOHA)
Source of classification or shelving scheme Dewey Decimal Classification
Koha item type Books
987 ## - LOCAL ROMANIZATION/CONVERSION HISTORY (OCLC)
Romanization/conversion identifier PINYIN
Agency that converted, created or reviewed DLC
Date of conversion or review 20021016
Status code c
Holdings
Lost status Source of classification or shelving scheme Damaged status Not for loan Collection code Permanent Location Current Location Shelving location Date acquired Source of acquisition Cost, normal purchase price Total Checkouts Full call number Date last seen Copy number Koha item type
  Dewey Decimal Classification   Added to bundle Non-fiction Central Library, University of Rajshahi Central Library, University of Rajshahi Reading Room 24/10/1990 Shukat osman 0.00   895.13 HST 1953 15/03/2014 C-1 Books